Business process change : A manager's guide to improving, redesinging, and automating processes
Business Process Change provides an overview of the options and describes a variety of business process techniques proven by successful companies over the course of a decade. Focuses on the process change problems faced by today's managers. Summarizes the state of the art of business process an...
שמור ב:
| מחבר ראשי: | |
|---|---|
| פורמט: | ספר |
| שפה: | Vietnamese |
| יצא לאור: |
San Francisco
Morgan Kaufmann Publishers
2003
|
| נושאים: | |
| תגים: |
הוספת תג
אין תגיות, היה/י הראשונ/ה לתייג את הרשומה!
|
| Thư viện lưu trữ: | Thư viện Trường Đại học Nam Cần Thơ |
|---|
| LEADER | 01351nam a22001937a 4500 | ||
|---|---|---|---|
| 001 | NCT_79141 | ||
| 008 | 200427b xxu||||| |||| 00| 0 vie d | ||
| 999 | |c 3867 |d 3867 | ||
| 020 | |a 1558607587 | ||
| 082 | 0 | 4 | |2 23rd ed. |a 658.406 |b H288 |
| 100 | 1 | |a Harmon, Paul | |
| 245 | 1 | 0 | |a Business process change : |b A manager's guide to improving, redesinging, and automating processes |c Paul Harmon |
| 260 | |a San Francisco |b Morgan Kaufmann Publishers |c 2003 | ||
| 300 | |a xxi, 529 p. |c 24cm | ||
| 520 | 3 | |a Business Process Change provides an overview of the options and describes a variety of business process techniques proven by successful companies over the course of a decade. Focuses on the process change problems faced by today's managers. Summarizes the state of the art of business process analysis & improvement, including the basic vocabulary of modeling. Presents a methodology based on the best practices available that can be tailored for specific needs and that maintains a focus on the human aspects of process redesign. Offers detailed case studies showing how these methods are implemented. | |
| 653 | |a Quản trị kinh doanh | ||
| 942 | |2 ddc |c BK | ||
| 952 | |0 0 |1 0 |2 ddc |4 0 |6 658_406000000000000_H288 |7 0 |9 19497 |a 000001 |b 000001 |d 2020-04-27 |o 658.406 H288 |p MD.17104 |r 2020-04-27 |w 2020-04-27 |y BK | ||
| 980 | |a Thư viện Trường Đại học Nam Cần Thơ | ||


